La enfermedad de chagas en la argentina : investigación científica, problemas sociales y políticas sanitarias /
Guardado en:
| Autor Principal: | |
|---|---|
| Formato: | Libro |
| Publicado: |
Bernal :
Universidad Nacional de Quilmes,
2010
|
| Series: | Ciencia, tecnología y sociedad / Pablo Kreimer
|
| Materias: | |
| Etiquetas: |
Agregar Etiqueta
Sin Etiquetas, Sea el primero en etiquetar este registro!
|
| LEADER | 00793nam a22002415a 4500 | ||
|---|---|---|---|
| 001 | CEM.cems013934 | ||
| 008 | 130507s2010##################000#0#####d | ||
| 005 | 20210705091946.0 | ||
| 003 | CEMS | ||
| 245 | 1 | 0 | |a La enfermedad de chagas en la argentina : |b investigación científica, problemas sociales y políticas sanitarias / |c Juan Pablo Zabala |
| 260 | |a Bernal : |b Universidad Nacional de Quilmes, |c 2010 | ||
| 300 | |a 360 p. | ||
| 490 | 0 | |a Ciencia, tecnología y sociedad / Pablo Kreimer | |
| 590 | |a 1073.013 | ||
| 020 | |a 9789875581951 | ||
| 100 | 1 | |a Zabala, Juan Pablo | |
| 653 | |a Enfermedades | ||
| 653 | |a Enfermedad de chagas | ||
| 653 | |a Sanidad | ||
| 653 | |a Política sanitaria | ||
| 653 | |a Argentina | ||
| 653 | |a Biblioteca TC | ||
| 859 | |a CEMS |b BIB. CEMS - 11 de abril |h TC |p 1073.013 |t Ej.1 | ||
